|
|
|
|
| LEADER |
01230nam a2200277 a 4500 |
| 001 |
GR-Patra681 |
| 008 |
991022s1973 nyu 000 b eng d |
| 020 |
|
|
|a 0486229548
|
| 040 |
|
|
|a GrPaTEI
|b gre
|c GR-PaULI
|
| 245 |
0 |
0 |
|a How to build a wood-frame house.
|
| 260 |
|
|
|a New York :
|b Dover Publications,
|c 1973
|
| 300 |
|
|
|a vi, 223σ. :
|b 179 εικ., 11 πίν.
|
| 650 |
|
4 |
|a ΞΥΛΙΝΑ ΠΛΑΙΣΙΑ
|
| 650 |
|
4 |
|a ΞΥΛΙΝΕΣ ΚΑΤΑΣΚΕΥΕΣ
|
| 650 |
|
4 |
|a ΟΙΚΟΔΟΜΕΣ
|
| 650 |
|
4 |
|a ΟΙΚΟΔΟΜΙΚΗ
|
| 650 |
|
4 |
|a Οικοδομική
|
| 653 |
|
|
|a ΟΙΚΟΔΟΜΕΣ - ΞΥΛΙΝΑ ΠΛΑΙΣΙΑ
|
| 653 |
|
|
|a ΟΙΚΟΔΟΜΕΣ - ΞΥΛΙΝΕΣ ΚΑΤΑΣΚΕΥΕΣ
|
| 700 |
1 |
|
|a Anderson, L. O.
|
| 710 |
0 |
|
|a Dover Publications
|
| 942 |
|
|
|2 ddc
|
| 952 |
|
|
|0 0
|1 0
|2 ddc
|4 0
|6 694_200000000000000_AND
|7 0
|9 281667
|a LISK
|b LISK
|c BSC
|d 2021-01-17
|e 24
|f 0
|g 0.00
|l 0
|o 694.2 AND
|p 9241002929
|r 2021-01-17 00:00:00
|t 1
|w 2021-01-17
|y BK15
|x 19991024 0 1
|x GrPaTEI
|
| 952 |
|
|
|0 0
|1 0
|2 ddc
|4 0
|6 694_200000000000000_AND
|7 0
|9 281668
|a LISK
|b LISK
|c BSC
|d 2021-01-17
|e 24
|f 0
|g 0.00
|l 0
|o 694.2 AND
|p 9241003266
|r 2021-01-17 00:00:00
|t 1
|w 2021-01-17
|y BK15
|x 19991024 0 1
|x GrPaTEI
|
| 971 |
|
|
|a .b26481789
|b 15-04-20
|c 23-09-16
|
| 999 |
|
|
|c 163957
|d 163957
|